Učebnica jazyka maďarského pre slovenské stredné školy I. diel pre začiatočníkov

Bibliographic Details
Main Author: Soják, Rudolf, 1885-1956 (Author)
Format: Book
Language:Slovak
Hungarian
PhysicalDescription:63 strán 22 cm
Published: Praha Prešov Československá grafická Unie 1934
Subjects:

MARC

LEADER 00000cam a2200000 a 4500
001 vtls010225885
003 SK-MaSNL
005 20260301031506.0
008 260107s1934 xo d p 000 u slo
015 |a SNBA1956 
020 |q (brožované) 
035 |a KURUKTSP030369 
035 |a urn:nbn:sk:snk-am3hz2a 
035 |a CEAF255E-2FD5-49DA-B250-F4288640F5B0 
035 |a urn:nbn:sk:snk-am00de2n 
040 |a SNK  |b slo  |c SNK  |e AACR2 
041 0 |a slo  |a hun 
044 |a xr  |c CZ  |a xo  |c SK 
072 7 |a 811.511.1  |x Ugrofínske jazyky  |2 konspekt 
072 7 |a 81  |x Lingvistika. Jazyky  |2 konspekt 
080 |a 811.511.141  |2 2011 
080 |a 81'36  |2 2011 
080 |a (075.3)  |2 2011 
100 1 |a Soják, Rudolf,  |d 1885-1956  |4 aut  |9 199922 
245 1 0 |a Učebnica jazyka maďarského pre slovenské stredné školy  |n I. diel pre začiatočníkov  |c Rudolf Soják 
260 |a Praha  |a Prešov  |b Československá grafická Unie  |c 1934 
300 |a 63 strán  |c 22 cm 
500 |a Obsahuje maďarsko-slovenský slovník na strane [51]-62 
546 |a Súbežný text v maďarskom jazyku 
650 0 7 |a maďarčina  |2 SNKPH  |9 1492 
650 0 7 |a gramatika  |2 SNKPH  |9 865 
655 7 |a učebnice stredných škôl  |2 SNKPH  |9 69323 
852 |a Slovenská národná knižnica 
954 |a odborná, vedecká literatúra pôvodná (slovenská)  |2 lita 
958 |a EUIPO 
958 |a RK 
958 |a TL 
958 |a HU 
958 |a SP 
958 |a OND 
999 |c 576751  |d 578681 
952 |a SNK  |b SNK  |y PREZ  |7 0  |p 17A0794743  |o snkSC 8394  |i snk2759/56  |8 3  |0 0  |1 0  |4 0  |d 2019-07-17  |f 1  |l 0  |r 2025-07-09 00:00:00  |w 2026-02-23